História techniky a technológie
Enregistré dans:
| Auteur principal: | |
|---|---|
| Format: | Livre |
| Langue: | slovaque |
| Édition: | 1. vyd |
| Accès en ligne: | OBSAH |
| Tags: |
Pas de tags, Soyez le premier à ajouter un tag!
|
MARC
| LEADER | 00000nam a22000003a 4500 | ||
|---|---|---|---|
| 001 | stu195986 | ||
| 005 | 20150617230019.2 | ||
| 008 | 091118s----------------------------slo-d | ||
| 020 | |a 80-7099-416-9 | ||
| 040 | |a STU |b slo | ||
| 041 | 0 | |a slo | |
| 080 | |a 0 | ||
| 100 | 1 | |a Vasilko, Karol |4 aut | |
| 245 | 1 | |a História techniky a technológie | |
| 250 | |a 1. vyd | ||
| 300 | |a 198 s | ||
| 856 | 4 | |a https://sweb.mtf.stuba.sk/obsahy/teoria_techniky_a_technologie_99.pdf |u https://sweb.mtf.stuba.sk/obsahy/teoria_techniky_a_technologie_99.pdf |3 OBSAH | |
| 996 | |b 284M071580 |c M*12612-1 |l MMKN |s P |a 0 |w stu195986_0001 | ||